000
00253nam a22001097a 4500
082
_a
355.02-F GOU'B
100
_a
GOUTARD, A. COLONEL
_9
70087
245
_a
THE BATTLE OF FRANCE 1940
260
_a
LONDON
_b
FREDERICK
_c
1958
300
_a
242P
942
_c
BK
999
_c
577132
_d
577132